ARRUPE JESUIT UNIVERSITY

CORONAVIRUS -STOP THE SPREAD - CLEAN,DISINFECT,COVER

Citizenship and Rights in Thatcher's Britain (Record no. 120566)

MARC details
000 -LEADER
fixed length control field 00508nam a22001457a 4500
008 - FIXED-LENGTH DATA ELEMENTS--GENERAL INFORMATION
fixed length control field 140521b xxu||||| |||| 00| 0 eng d
020 ## - INTERNATIONAL STANDARD BOOK NUMBER
International Standard Book Number 0255362617
050 ## - LIBRARY OF CONGRESS CALL NUMBER
Classification number LC1091.P713
100 ## - MAIN ENTRY--PERSONAL NAME
Personal name Plant, Raymond and Barry, Norman
9 (RLIN) 10450
245 ## - TITLE STATEMENT
Title Citizenship and Rights in Thatcher's Britain
Remainder of title two views
Statement of responsibility, etc Raymond Plant and Norman Barry
260 ## - PUBLICATION, DISTRIBUTION, ETC. (IMPRINT)
Place of publication, distribution, etc London
Name of publisher, distributor, etc IEA Health and Welfare Unit
Date of publication, distribution, etc 1990
300 ## - PHYSICAL DESCRIPTION
Extent vii, 77p. ;
Dimensions 22cm.
650 ## - SUBJECT ADDED ENTRY--TOPICAL TERM
Topical term or geographic name as entry element Political Education
Geographic subdivision Great Britain
9 (RLIN) 10451
942 ## - ADDED ENTRY ELEMENTS (KOHA)
Source of classification or shelving scheme Library of Congress Classification
Item type Monograph ( Printed materials)
Holdings
Withdrawn status Lost status Source of classification or shelving scheme Damaged status Not for loan Collection code Home library Current library Shelving location Date acquired Total Checkouts Full call number Barcode Date last seen Date last borrowed Price effective from Koha item type
    Library of Congress Classification     Main Collection ARRUPE LIBRARY ARRUPE LIBRARY Main Collection 21/05/2014 1 LC1091.P713 46500000718 07/12/2015 30/11/2015 21/05/2014 Monograph ( Printed materials)

 

Arrupe Library. PO Box MP320 Mt Pleasant, Harare, Zimbabwe
263 242 745411|librarian@aju.ac.zw